Tous des harcelés ? : Éléments de réponse (notice n° 1550718)
[ vue normale ]
| 000 -LEADER | |
|---|---|
| fixed length control field | 00727cam a2200121 4500500 |
| 005 - DATE AND TIME OF LATEST TRANSACTION | |
| control field | 20251017183510.0 |
| 041 ## - LANGUAGE CODE | |
| Language code of text/sound track or separate title | fre |
| 042 ## - AUTHENTICATION CODE | |
| Authentication code | dc |
| 245 00 - TITLE STATEMENT | |
| Title | Tous des harcelés ? : Éléments de réponse |
| 260 ## - PUBLICATION, DISTRIBUTION, ETC. | |
| Name of publisher, distributor, etc. | Armand Colin,<br/> |
| Date of publication, distribution, etc. | 2010.<br/> |
| 520 ## - SUMMARY, ETC. | |
| Summary, etc. | Cet essai livre une vision inédite du harcèlement en tant que révélateur de dérives pernicieuses qu’engendre une société en perte de repères, d’autorité et du sens de la responsabilité. Il est préparé par la fragilisation des existences individuelles et la mise à mal du lien collectif, au sein d’un système où tout le monde devient victime. |
| 856 41 - ELECTRONIC LOCATION AND ACCESS | |
| Uniform Resource Identifier | <a href="https://shs.cairn.info/tous-des-harceles--9782200248628?lang=fr&redirect-ssocas=7080">https://shs.cairn.info/tous-des-harceles--9782200248628?lang=fr&redirect-ssocas=7080</a> |
Pas d'exemplaire disponible.




Réseaux sociaux